Prueba del Valencia CF - Estadísticas

Estadísticas generales
  • Esta prueba ha sido intentada 411 veces
  • La puntuación promedio es 13 de 18
Estadísticas de respuestas
Pregunta Respuesta % Correcto
¿Cómo se llama su estadio? Mestalla
95%
¿En qué años llegó al final de la Liga de Campeones? 2000
94%
¿En qué años llegó al final de la Liga de Campeones? 2001
93%
¿Contra qué equipos perdió estos años? Real Madrid
93%
¿Contra qué equipo juega el derbi valenciano? Levante U. D.
89%
¿Con qué animal se identifica el club, símbolo histórico de la ciudad? Murciélago
89%
¿Contra qué equipos perdió estos años? Bayern Múnich
85%
¿En qué año se fundó el club? 1919
84%
¿Qué empresario singapurense se hizo dueño del club en 2014? Peter Lim
84%
¿Qué apodo de 4 letras tiene? Chés
78%
¿Qué futbolista, leyenda de Manchester City, tuvo su debut profesional con Valencia? David Silva
78%
¿Cómo se llama su himno? «{Amunt} València»
76%
¿Quién tuvo el apodo "El Matador"? Mario Kempes
61%
¿Cuál fue la última temporada, única de casi un siglo, en que participó en la segunda división? 1986-87
57%
¿Quién es el máximo goleador de la historia del club? Edmundo Suárez
42%
¿Por qué presidente honorífico fue nombrado este estadio hasta 1994? Luis Casanova
28%
¿Dónde se fundó el club blanquinegro? Bar {Torino}
25%
¿A qué club Romário regresó por un poco tiempo debido a su conducta? Flamengo
18%
No se encontraron pruebas coincidentes
Distribución de puntuación
Porcentaje de gente con cada puntuación
Porcentaje por número respondido
Historial de tus puntuaciones
No has intentado esta prueba.